MDQL
is popping MORE tags! Check the
thread
!
Quizzes
Events
Quiz Creation
Community
Videos
Private Events
Remove Ads
Sign In
Join for FREE
Feedback
Dark Mode
Quiz Categories
Sports
Geography
Music
Movies
Television
Just For Fun
Miscellaneous
History
Literature
Language
Science
Gaming
Entertainment
Religion
Holiday
For Kids
Quiz Lab
Recent
Popular Today
Quiz Kudos Today
Editor Picks
Curator Picks
Quizzes by...
Day
Popularity
Type
Ratings
Length
Year
Community
Subscriptions
Recent Discussions
Orange Saloon
Badges
Playlists
Quests
Create
Leaderboards
Showdown
Live 5
Trivia Bingo
Activity
Puzzle Library
Sporcle Events
Private Events
Virtual Trivia
Globe League
Become a Host
Pub Owners
SporcleCon
Opinionation
Our Games
Videos
Blog
Mobile Apps
Partnerships
Remove Ads and Go Orange
Feedback
Sports
Athletes
MLB
NBA
NHL
NFL
Soccer
Sports Teams
WWE
NCAA
Football
Premier League
Basketball
Baseball
Hockey
Golf
Tennis
Cricket
Rugby
Auto Racing
Olympics
World Cup
Sports
Athletes
MLB
NBA
NHL
NFL
Soccer
Sports Teams
WWE
NCAA
Football
Premier League
Basketball
Baseball
Hockey
Golf
Tennis
Cricket
Rugby
Auto Racing
Olympics
World Cup
Random Quiz
Search Sporcle
×
Quiz Lab
Quiz Lab
Sports
Manager
Type in answers that appear in a list
Type in answers that appear in a list
Classic
Best Score? Go Orange.
Top 3 Managers on Each Team Stats
Can you name the Top 3 Managers on Each Team?
By
yankeetarheel58
15m
90 Questions
103 Plays
103 Plays
103 Plays
Comments
Comments
Give Quiz Kudos
Give Quiz Kudos
-
- Ratings
hide this ad
Replay
Link that replays current quiz
Next Quiz
Link to next quiz in quiz playlist
You Got
0%
They Got
Avg Score
43%
Avg Friend Score
Upgrade to see
Score Distribution
Jump to the score distribution portion of the page
Score
0/90
Timer
15:00
0
Plays Today
Team
Manager
% Correct
Atlanta Braves
Bobby Cox
95.1%
Toronto Blue Jays
Bobby Cox
95.1%
New York Yankees
Joe Torre
91.3%
St. Louis Cardinals
Tony LaRussa
86.4%
Oakland Athletics
Tony LaRussa
86.4%
Boston Red Sox
Terry Francona
84.5%
Tampa Bay Rays
Lou Piniella
84.5%
Seattle Mariners
Lou Piniella
84.5%
Pittsburgh Pirates
Jim Leyland
82.5%
New York Mets
Davey Johnson
78.6%
Seattle Mariners
Darrell Johnson
78.6%
San Francisco Giants
Dusty Baker
75.7%
Toronto Blue Jays
Cito Gaston
73.8%
Los Angeles Dodgers
Tommy Lasorda
72.8%
Cincinnati Reds
Sparky Anderson
69.9%
New York Yankees
Casey Stengel
69.9%
Detroit Tigers
Sparky Anderson
69.9%
Baltimore Orioles
Earl Weaver
68.9%
Chicago White Sox
Ozzie Guillen
68.9%
San Diego Padres
Dick Williams
68%
Minnesota Twins
Ron Gardenhire
67%
New York Mets
Bobby Valentine
64.1%
Los Angeles Dodgers
Wilbert Robinson
64.1%
Tampa Bay Rays
Joe Maddon
64.1%
Texas Rangers
Bobby Valentine
64.1%
Los Angeles Angels of Anaheim
Mike Scioscia
62.1%
San Diego Padres
Bruce Bochy
61.2%
Oakland Athletics
Connie Mack
60.2%
Florida Marlins
Fredi Gonzalez
59.2%
Florida Marlins
Jack McKeon
58.3%
Team
Manager
% Correct
Arizona Diamondbacks
Bob Brenly
58.3%
Minnesota Twins
Tom Kelly
58.3%
Arizona Diamondbacks
Buck Showalter
57.3%
Cleveland Indians
Mike Hargrove
57.3%
New York Yankees
Joe McCarthy
55.3%
St. Louis Cardinals
Whitey Herzog
53.4%
Kansas City Royals
Whitey Herzog
53.4%
Los Angeles Dodgers
Walter Alston
51.5%
Washington Nationals/
Montreal Expos
Felipe Alou
50.5%
Colorado Rockies
Clint Hurdle
49.5%
San Francisco Giants
John McGraw
47.6%
Kansas City Royals
Dick Howser
45.6%
Philadelphia Phillies
Gene Mauch
44.7%
Washington Nationals/
Montreal Expos
Gene Mauch
44.7%
Milwaukee Brewers
Phil Garner
44.7%
Los Angeles Angels of Anaheim
Gene Mauch
44.7%
Colorado Rockies
Don Baylor
42.7%
Houston Astros
Art Howe
41.7%
Oakland Athletics
Art Howe
41.7%
Milwaukee Brewers
Ned Yost
40.8%
San Diego Padres
Buddy Black
39.8%
New York Mets
Gil Hodges
35.9%
Texas Rangers
Gil Hodges
35.9%
Arizona Diamondbacks
Bob Melvin
34%
Houston Astros
Larry Dierker
33%
Texas Rangers
Johnny Oates
29.1%
Pittsburgh Pirates
Danny Murtaugh
24.3%
Colorado Rockies
Buddy Bell
24.3%
Chicago White Sox
Al Lopez
24.3%
Chicago Cubs
Frank Chance
23.3%
Team
Manager
% Correct
Cleveland Indians
Lou Boudreau
23.3%
Houston Astros
Bill Virdon
22.3%
St. Louis Cardinals
Red Schoendienst
22.3%
Washington Nationals/
Montreal Expos
Buck Rodgers
19.4%
Chicago Cubs
Cap Anson
19.4%
Philadelphia Phillies
Danny Ozark
18.4%
Detroit Tigers
Bucky Harris
18.4%
Minnesota Twins
Bucky Harris
18.4%
Tampa Bay Rays
Larry Rothschild
16.5%
Toronto Blue Jays
John Gibbons
16.5%
Florida Marlins
Rene Lachemann
14.6%
Boston Red Sox
Joe Cronin
14.6%
Cincinnati Reds
Bill McKechnie
13.6%
Milwaukee Brewers
Tom Trebelhorn
13.6%
San Francisco Giants
Bill Terry
12.6%
Detroit Tigers
Hughie Jennings
12.6%
Kansas City Royals
Tony Muser
12.6%
Chicago Cubs
Charlie Grimm
11.7%
Pittsburgh Pirates
Fred Clarke
11.7%
Boston Red Sox
Pinky Higgins
10.7%
Atlanta Braves
George Stallings
9.7%
Chicago White Sox
Jimmy Dykes
9.7%
Cleveland Indians
Tris Speaker
9.7%
Seattle Mariners
Jim Lefebvre
9.7%
Los Angeles Angels of Anaheim
Bill Rigney
8.7%
Baltimore Orioles
Paul Richards
7.8%
Atlanta Braves
Frank Selee
6.8%
Philadelphia Phillies
Harry Wright
3.9%
Cincinnati Reds
Jack Hendricks
2.9%
Baltimore Orioles
Jimmy McAleer
1.9%
Quiz Playlist
Details
Report
Send in Message
Add To Playlist
Classic:
Type in answers that appear in a list
Last Updated: Feb 16, 2017
Quiz Scoreboard
CHALLENGE
Sign Up to Join the Scoreboard
Show All
Scores
Hide
Comments
May contain spoilers
Recently Published
Two Season TV Shows II
by 123Four
Television
10m
Image Sorting: Flags VI
by Barbecue
Geography
2m
Find the 'City' Movie
by crazypaving
Movies
60s
More to Explore
Quiz From the Vault
Featured Blog Post
14 Easter Pick-up Lines to Find Eggs With
hide this ad
You Might Also Like...
Tags
Manager
record
team
Top 3
Today's Top Quizzes in Sports
Browse Sports
hide this ad
Today's Top Quizzes in Manager
Browse Manager
Top Contributed Quizzes in Sports
1
Les meilleurs buteurs des matchs entre le PSG et l’OM
2
Les entraîneurs de l'OM et du PSG au 21e siècle
3
2022 World Cup Stars
4
Les joueurs passés par le PSG et l'OM
5
Players with Multiple 50 Home Run Seasons
6
Criteria MLB: Left Handed Sluggers
7
FIFA Club World Cup Champions
8
Les joueurs passés par le LOSC et le RC Lens
9
NBA Logic Puzzle 2.0
10
Top 10 NHL Goal Scorers of All Time
Explore More
Trending Topics
Marvel
Disney
Harry Potter
Kpop
NBA
Anime
Crossword
NFL
Pokémon
WWE
Country
Song
Puzzle
The Office
Soccer
hide this ad
More By:
yankeetarheel58
Quiz
Plays
Rating
Category
Featured
Created
Boston Red Sox All-Stars in the 2000s
6,344
4.22
Sports
Jul 14, 2010
All-Stars under George Steinbrenner
1,065
4.23
Sports
Jul 13, 2010
Baltimore Orioles All-Stars since 1990
792
4.80
Sports
Jul 14, 2010
Family Guy Grab Bag
768
2.50
Television
Jul 20, 2011
Eli Manning Touchdown Receivers
676
5.00
Sports
Dec 3, 2011
Go to Creator's Profile
Score Distribution
Quiz Creator Spotlight
yankeetarheel58
Follow
Send a Message
Quizzes Created
-
Created Quiz Play Count
-
More By This Creator
Popular Quizzes Today
1
Colored Red Africa Blitz
2
Find the US States - No Outlines Minefield
3
Find the 'City' Movie
4
5x2 Blitz: Bands
5
The Countries of the World
6
Find the US States
7
Find the Countries of Europe - No Outlines Minefield
8
US States
More Sports Quizzes
José Mourinho's Last Games
Quiz Lab
Trending Quizzes
Colored Red Europe Blitz I
Colored Red Africa Blitz II
Colored Red Europe Blitz II
Colored Red Africa Blitz III
Colored Red Europe Blitz III
Recently Updated
How Do You Spell That?
pecheneg
Godzilla Movies
pecheneg
Grab Bag: 4-10 Letters
pecheneg
2024 March Madness Bracket
pecheneg
Famous TV Couples
Peacemaker
Champions League XIs: Real Madrid
pecheneg
Largest US Cities 1790-2010
pecheneg
Rides in Walt Disney World
pecheneg
Most Oscar Losses (Acting)
pecheneg
Beyoncé Albums
pecheneg
Trending Topics
Harry Potter
Anime
Crossword
Disney
Kpop
NBA
Marvel
Country
Song
Soccer
The Office
NFL
Puzzle
Pokémon
WWE
Your Account Isn't Verified!
In order to create a playlist on Sporcle, you need to verify the email address you used during registration. Go to your
Sporcle Settings
to finish the process.
Report this User
Report this user for behavior that violates our
Community Guidelines
.
Details:
Send Report
Go to the Sporcle.com Mobile Site →
Comments